Language Quiz

Random Language Quiz

Words Ending in Erk Quiz Stats

 Plays Quiz not verified by Sporcle

Score 0/6 Timer 02:00
0 Plays Today
Clue Word % Correct
1979 Steve Martin's comedy, The...Jerk
97.7%
Office worker, clerical workerClerk
95.5%
Dance move made popular by Miley CyrusTwerk
90.9%
Become more cheerful, lively, or interestingPerk
84.1%
Frenzied, raving, wild, out of controlBerserk
81.8%
An assistant who sales goods in a retail storeSalesclerk
65.9%

You're not logged in!

Compare scores with friends on all Sporcle quizzes.
OR
Log In

Sporcle TV

Today on Sporcle TV


Watch our educational content, quiz creation guides, and fun videos on Sporcle TV.

Show Comments

Extras

Created Sep 2, 2016ReportNominate
Tags:Ending

Top Quizzes Today


Score Distribution

Your Account Isn't Verified!

In order to create a playlist on Sporcle, you need to verify the email address you used during registration. Go to your Sporcle Settings to finish the process.

Report this User

Report this user for behavior that violates our Community Guidelines.

Details: